BACIP ka deesi greezar bashmool bukhari banany ka kitabcha. (Record no. 353961)
[ view plain ]
| 000 -LEADER | |
|---|---|
| fixed length control field | 00856nam a22002417a 4500 |
| 003 - CONTROL NUMBER IDENTIFIER | |
| control field | OSt |
| 005 - DATE AND TIME OF LATEST TRANSACTION | |
| control field | 20180116192422.0 |
| 008 - FIXED-LENGTH DATA ELEMENTS--GENERAL INFORMATION | |
| fixed length control field | 140625t xxu||||| |||| 00| 0 eng d |
| 040 ## - CATALOGING SOURCE | |
| Transcribing agency | sada |
| 082 ## - DEWEY DECIMAL CLASSIFICATION NUMBER | |
| Edition number | 21 |
| Classification number | 693.83 |
| Author Mark | AGA |
| 110 0# - MAIN ENTRY--CORPORATE NAME | |
| Corporate name or jurisdiction name as entry element | Aga Khan Planning and Building Service Pakistan. |
| 9 (RLIN) | 7569 |
| 245 10 - TITLE STATEMENT | |
| Title | BACIP ka deesi greezar bashmool bukhari banany ka kitabcha. |
| 246 0# - VARYING FORM OF TITLE | |
| Title proper/short title | Nineteen examples of wall insulation. |
| 260 ## - PUBLICATION, DISTRIBUTION, ETC. | |
| Place of publication, distribution, etc. | S.L : |
| Name of publisher, distributor, etc. | S.N, |
| Date of publication, distribution, etc. | n.d. |
| 300 ## - PHYSICAL DESCRIPTION | |
| Extent | 36 p.;ill. |
| 650 10 - SUBJECT ADDED ENTRY--TOPICAL TERM | |
| Source of heading or term | LCSH |
| Topical term or geographic name entry element | Thermal insulation. |
| Topical term following geographic name entry element | Himalayas. |
| 9 (RLIN) | 7570 |
| 710 1# - ADDED ENTRY--CORPORATE NAME | |
| Corporate name or jurisdiction name as entry element | European Union. |
| 9 (RLIN) | 7571 |
| 710 1# - ADDED ENTRY--CORPORATE NAME | |
| Corporate name or jurisdiction name as entry element | Austrian Development Cooperation. |
| 9 (RLIN) | 7572 |
| 710 1# - ADDED ENTRY--CORPORATE NAME | |
| Corporate name or jurisdiction name as entry element | AGA Khan foundation. (Pakistan) |
| 9 (RLIN) | 7573 |
| 710 1# - ADDED ENTRY--CORPORATE NAME | |
| Corporate name or jurisdiction name as entry element | Hundreds of original Projects for Employment. (HOPE83) |
| 9 (RLIN) | 7574 |
| 710 1# - ADDED ENTRY--CORPORATE NAME | |
| Corporate name or jurisdiction name as entry element | Building and Construction Improvement Programme - BACIP |
| 9 (RLIN) | 7575 |
| 942 ## - ADDED ENTRY ELEMENTS (KOHA) | |
| Source of classification or shelving scheme | |
| Koha item type | Book |
| Withdrawn status | Lost status | Source of classification or shelving scheme | Damaged status | Not for loan | Permanent Location | Current Location | Date acquired | Total Checkouts | Full call number | Barcode | Date last seen | Cost, replacement price | Price effective from | Koha item type |
|---|---|---|---|---|---|---|---|---|---|---|---|---|---|---|
| School of Art Design and Architecture (SADA) | School of Art Design and Architecture (SADA) | 06/20/2014 | 693.83 AGA | SADA0002327 | 01/05/2017 | 0.00 | 01/05/2017 | Book | ||||||
| School of Art Design and Architecture (SADA) | School of Art Design and Architecture (SADA) | 06/20/2014 | 693.83 AGA | SADA0002328 | 01/05/2017 | 0.00 | 01/05/2017 | Book |
